| 000 | 00708nam a22001937a 4500 | ||
|---|---|---|---|
| 999 |
_c158718 _d158718 |
||
| 005 | 20181120120822.0 | ||
| 010 | _aENG-124482 | ||
| 020 |
_a9789353063658 _c349.00 |
||
| 035 | _aEN-108014 | ||
| 037 | _bDBAD/PUB | ||
| 082 | _a006.312 | ||
| 100 | _aStephenson, David | ||
| 245 |
_aBig data demystified: _cby David Stephenson _bhow to use big data, data science and AI to make better business decisions and gain competitive advantage / |
||
| 260 |
_aNew Delhi _bPearson _c2018 |
||
| 270 |
_a14 Local Shopping Centre, Panchsheel Park _bNew Delhi _e110017 |
||
| 300 |
_axv,222p. _c24cm. (pbk) _bill. |
||
| 500 | _aIt includes references, glossary and Index | ||
| 942 |
_2ddc _cEN _h006.312 _mSTE |
||